<?xml version="1.0" encoding="UTF-8"?>
<record
    xmlns:xsi="http://www.w3.org/2001/XMLSchema-instance"
    xsi:schemaLocation="http://www.loc.gov/MARC21/slim http://www.loc.gov/standards/marcxml/schema/MARC21slim.xsd"
    xmlns="http://www.loc.gov/MARC21/slim">

  <leader>01689nam a22001697a 4500</leader>
  <controlfield tag="003">SGT</controlfield>
  <datafield tag="020" ind1=" " ind2=" ">
    <subfield code="a">9789339221836</subfield>
  </datafield>
  <datafield tag="082" ind1=" " ind2=" ">
    <subfield code="a">658.4012,KAZ</subfield>
  </datafield>
  <datafield tag="100" ind1=" " ind2=" ">
    <subfield code="a">KAZMI,AZHAR</subfield>
  </datafield>
  <datafield tag="245" ind1=" " ind2=" ">
    <subfield code="a">STRATEGIC MANAGEMENT</subfield>
  </datafield>
  <datafield tag="250" ind1=" " ind2=" ">
    <subfield code="a">4TH</subfield>
  </datafield>
  <datafield tag="260" ind1=" " ind2=" ">
    <subfield code="a">NEW DELHI</subfield>
    <subfield code="b">TMH</subfield>
    <subfield code="c">2015</subfield>
  </datafield>
  <datafield tag="300" ind1=" " ind2=" ">
    <subfield code="a">676</subfield>
  </datafield>
  <datafield tag="650" ind1=" " ind2=" ">
    <subfield code="a">STRATEGIC MANAGEMENT</subfield>
  </datafield>
  <datafield tag="653" ind1=" " ind2=" ">
    <subfield code="a">PART I: FOUNDATIONS OF STRATEGIC MANAGEMENT CHAPTER 1: INTRODUCTION TO STRATEGIC MANAGEMENT CHAPTER 2: HIERARCHY OF STRATEGIC INTENT CHAPTER 3: STRATEGIC MANAGEMENT FOR SUSTAINABILITY   PART II: STRATEGY FORMULATION CHAPTER 4: ENVIRONMENTAL APPRAISAL CHAPTER 5: ORGANISATIONAL APPRAISAL CHAPTER 6: CORPORATE-LEVEL STRATEGIES CHAPTER 7: BUSINESS-LEVEL STRATEGIES CHAPTER 8: METHODS FOR PURSUING STRATEGIES CHAPTER 9: STRATEGIC ANALYSIS AND CHOICE    PART III: STRATEGY IMPLEMENTATION CHAPTER 10: ACTIVATING STRATEGIES CHAPTER 11: STRUCTURAL IMPLEMENTATION CHAPTER 12: BEHAVIOURAL IMPLEMENTATION CHAPTER 13: FUNCTIONAL AND OPERATIONAL IMPLEMENTATION   PART IV: STRATEGY EVALUATION CHAPTER 14: STRATEGIC EVALUATION AND CONTROL   PART V: APPLYING STRATEGIC MANAGEMENT NOTE ON THE CASE METHOD OF LEARNING STRATEGIC MANAGEMENT   CASE STUDIES CASE 1: INDIAN COSMETICS AND TOILETRIES INDUSTRY PROFILE CASE 2: HARVEST GOLD &#x2013; DELHI&#x2019;S NO. 1 BREAD CASE 3: BANKING IN PARADISE: STRATEGY CASE OF THE JAMMU &amp; KASHMIR BANK CASE 4: ON-THE-JOB: STRATEGY CASE OF   NAUKRI.COM CASE  5: STRATEGY CASE OF THE RAJASTHAN SHIKSHA KARMI PROJECT CASE  6: SHIJA HOSPITALS &amp; RESEARCH INSTITUTE: AN UNTIRING JOURNEY CASE 7: PROVIDING ACCESS TO WATER IN REMOTE AREAS: TRUNZ WATER SYSTEMS IN INDIA CASE 8: THE INTERNATIONALIZATION STRATEGY OF WIPRO IN EUROPE &#x2013; 2</subfield>
  </datafield>
  <datafield tag="942" ind1=" " ind2=" ">
    <subfield code="2">ddc</subfield>
    <subfield code="c">FCM</subfield>
    <subfield code="0">40</subfield>
  </datafield>
  <datafield tag="952" ind1=" " ind2=" ">
    <subfield code="0">0</subfield>
    <subfield code="1">0</subfield>
    <subfield code="2">ddc</subfield>
    <subfield code="4">0</subfield>
    <subfield code="7">1</subfield>
    <subfield code="8">CM</subfield>
    <subfield code="a">SSSL</subfield>
    <subfield code="b">SSSL</subfield>
    <subfield code="c">REF</subfield>
    <subfield code="d">2016-09-06</subfield>
    <subfield code="e">SPARSH BOOK GALLERY</subfield>
    <subfield code="g">599.00</subfield>
    <subfield code="i">SGTU</subfield>
    <subfield code="o">658.4012,KAZ</subfield>
    <subfield code="p">CM2426</subfield>
    <subfield code="r">2016-09-06 00:00:00</subfield>
    <subfield code="w">2016-08-28</subfield>
    <subfield code="y">FCM</subfield>
    <subfield code="k">62</subfield>
  </datafield>
  <datafield tag="952" ind1=" " ind2=" ">
    <subfield code="0">0</subfield>
    <subfield code="1">0</subfield>
    <subfield code="2">ddc</subfield>
    <subfield code="4">0</subfield>
    <subfield code="7">0</subfield>
    <subfield code="8">CM</subfield>
    <subfield code="a">SSSL</subfield>
    <subfield code="b">SSSL</subfield>
    <subfield code="c">TXT</subfield>
    <subfield code="d">2016-09-06</subfield>
    <subfield code="e">SPARSH BOOK GALLERY</subfield>
    <subfield code="g">599.00</subfield>
    <subfield code="i">SGTU</subfield>
    <subfield code="l">35</subfield>
    <subfield code="o">658.4012,KAZ</subfield>
    <subfield code="p">CM2427</subfield>
    <subfield code="r">2026-03-06 00:00:00</subfield>
    <subfield code="s">2026-03-02</subfield>
    <subfield code="w">2016-08-28</subfield>
    <subfield code="y">FCM</subfield>
    <subfield code="k">62</subfield>
  </datafield>
  <datafield tag="952" ind1=" " ind2=" ">
    <subfield code="0">0</subfield>
    <subfield code="1">0</subfield>
    <subfield code="2">ddc</subfield>
    <subfield code="4">0</subfield>
    <subfield code="7">0</subfield>
    <subfield code="8">CM</subfield>
    <subfield code="a">SSSL</subfield>
    <subfield code="b">SSSL</subfield>
    <subfield code="c">TXT</subfield>
    <subfield code="d">2016-09-06</subfield>
    <subfield code="e">SPARSH BOOK GALLERY</subfield>
    <subfield code="g">599.00</subfield>
    <subfield code="i">SGTU</subfield>
    <subfield code="l">33</subfield>
    <subfield code="o">658.4012,KAZ</subfield>
    <subfield code="p">CM2428</subfield>
    <subfield code="r">2026-03-06 00:00:00</subfield>
    <subfield code="s">2026-03-02</subfield>
    <subfield code="w">2016-08-28</subfield>
    <subfield code="y">FCM</subfield>
    <subfield code="k">62</subfield>
  </datafield>
  <datafield tag="952" ind1=" " ind2=" ">
    <subfield code="0">0</subfield>
    <subfield code="1">0</subfield>
    <subfield code="2">ddc</subfield>
    <subfield code="4">0</subfield>
    <subfield code="7">0</subfield>
    <subfield code="8">CM</subfield>
    <subfield code="a">SSSL</subfield>
    <subfield code="b">SSSL</subfield>
    <subfield code="c">TXT</subfield>
    <subfield code="d">2016-09-06</subfield>
    <subfield code="e">SPARSH BOOK GALLERY</subfield>
    <subfield code="g">599.00</subfield>
    <subfield code="i">SGTU</subfield>
    <subfield code="l">24</subfield>
    <subfield code="o">658.4012,KAZ</subfield>
    <subfield code="p">CM2429</subfield>
    <subfield code="r">2023-12-21 00:00:00</subfield>
    <subfield code="s">2022-07-14</subfield>
    <subfield code="w">2016-08-28</subfield>
    <subfield code="y">FCM</subfield>
    <subfield code="k">62</subfield>
  </datafield>
  <datafield tag="952" ind1=" " ind2=" ">
    <subfield code="0">0</subfield>
    <subfield code="1">0</subfield>
    <subfield code="2">ddc</subfield>
    <subfield code="4">0</subfield>
    <subfield code="7">0</subfield>
    <subfield code="8">CM</subfield>
    <subfield code="a">SSSL</subfield>
    <subfield code="b">SSSL</subfield>
    <subfield code="c">TXT</subfield>
    <subfield code="d">2016-09-06</subfield>
    <subfield code="e">SPARSH BOOK GALLERY</subfield>
    <subfield code="g">599.00</subfield>
    <subfield code="i">SGTU</subfield>
    <subfield code="l">34</subfield>
    <subfield code="o">658.4012,KAZ</subfield>
    <subfield code="p">CM2430</subfield>
    <subfield code="r">2026-03-05 00:00:00</subfield>
    <subfield code="s">2026-03-05</subfield>
    <subfield code="w">2016-08-28</subfield>
    <subfield code="y">FCM</subfield>
    <subfield code="k">62</subfield>
  </datafield>
  <datafield tag="999" ind1=" " ind2=" ">
    <subfield code="c">9863</subfield>
    <subfield code="d">9863</subfield>
  </datafield>
</record>
